000 00488nam a2200145Ia 4500
008 180921t1986 xxu||||| ||||o00| 0 eng d
041 _aeng
080 _aActs Of Sri Lanka Nos.1-45 1986
245 _aActs of Sri Lanka : Parliment of The Democratic Socialist Republic of Sri Lanka National Council For Mental Health -' Sahanaya ' ( Incorporation ) Act, No.11 of 1986
260 _c1986
300 _a23 cm
942 _cBK
999 _c44594
_d44594
003 LK-CoDNM
040 _aLK-CoDNM
_dLK-CoDNM
_eLK-CoDNM